Ζαν Πιαζέ

Αποθηκεύτηκε σε:
Λεπτομέρειες βιβλιογραφικής εγγραφής
Κύριος συγγραφέας: Ράπτης, Νικόλαος Σ., 1927-
Μορφή: Βιβλίο
Γλώσσα:Greek
Δημοσίευση: Αθήνα : [χ.ο.], 1983
Θέματα:
Ετικέτες: Προσθήκη ετικέτας
Δεν υπάρχουν, Καταχωρήστε ετικέτα πρώτοι!

MARC

LEADER 00000cam a2200000 i 4500
001 1/71736
008 960319s1983 gre d
035 |a 1986  |c Αγορά  |l 10031038 
035 |a 1989  |b 1  |c Δωρεά 
040 |a GR-MY-UA  |b gre  |e aacr 
041 0 |a gre 
082 0 |a 155.4130924 
100 1 |a Ράπτης, Νικόλαος Σ.,   |d 1927- 
245 1 0 |a Ζαν Πιαζέ /  |c Νικόλαος Σ. Ράπτης 
260 |a Αθήνα :   |b [χ.ο.],   |c  1983 
300 |a  τ. 
505 0 |a τ.1 Ο άνθρωπος, η ζωή του, το έργο του, οι επιστημολογικές, οι ψυχολογικές και οι παιδαγωγικές απόψεις του και τα διδακτικά επακόλουθα της θεωρίας του. 
600 1 0 |a Piaget, Jean,   |d 1896-1980. 
650 0 0 |a Psychologists  |x Biography. 
852 |a INST  |b RHODES  |e 19960319  |h 155.4130924 ΡΑΠ  |p 005400003692  |q 005400003692  |t BK  |y 0 
852 |a INST  |b RHODES  |e 19960319  |h 155.4130924 ΡΑΠ  |p 005400003693  |q 005400003693  |t BK  |y 0 
852 |a INST  |b RHODES  |e 19960628  |h 155.4130924 ΡΑΠ  |p 005400007746  |q 005400007746  |t BK  |y 0 
852 |a INST  |b RHODES  |c KRI  |e 20051003  |h  155.4130924 ΡΑΠ  |p 005400022561  |q 005400022561  |t BK  |y 0 
909 |a Ρ  |b 006586  |c 1987 
909 |a Ρ  |b 009989  |c 1989 
909 |a Ρ  |b 009990  |c 1989 
909 |a Ρ  |b 122180 
970 |a ΣΙΔΕΡΗ  |b ΝΕΚΤΑΡΙΑ  |z 2005/10/03